| 000 | 00644nam a2200181Ia 4500 | ||
|---|---|---|---|
| 008 | 190427s9999 xx 000 0 und d | ||
| 100 | _aZhang Xihui "Paul" | ||
| 245 | _aOne World Two Realities: Perception differences between software developers and testers / | ||
| 245 | _cXihui "Paul" Zhang, David Nickels, Robin Poston and Jasbir Dhaliwal.-- | ||
| 260 | _bTaylor and Francis Group | ||
| 260 | _c2018 | ||
| 300 | _apages 385-392, 2018 | ||
| 440 |
_aJournal of Computer Inforamation System _v58(4) |
||
| 650 | _aPerception Differences | ||
| 650 | _aSoftware developers | ||
| 650 | _aSoftware Developers | ||
| 650 | _aSoftware Testers | ||
| 999 |
_c361744 _d361744 |
||